000 00226 a2200097 4500
001 42957
100 _aBroki A.K
245 _aFundamental law of Pakistan
260 _aKarachi
_bDin Muhammadi press
_c
090 _c26837
_d26837
942 _aNUST-CAE
_cM
_c18710
999 _c278030
_d278030